Cytat Biblijny czy Karola Marksa? - Statystyki

Ogólne statystyki
  • Ten quiz został rozwiązany 305 razy
  • Średni wynik to 11 z 15
Statystyki odpowiedzi
Zagadnienie Odpowiedź % Poprawnych
"Co wy uważacie za słuszne lub sprawiedliwe, to nie ma znaczenia. Idzie o to, co jest konieczne i nieuniknione w danym systemie produkcji." Karol Marks
94%
"Filozofowie rozmaicie tylko interpretowali świat; idzie jednak o to, aby go zmienić." Karol Marks
94%
"Człowiek potrafi produkować na miarę każdego gatunku i stosować do każdego przedmiotu właściwą miarę: dlatego człowiek formuje też według praw piękna." Karol Marks
93%
„Łatwiej jest wielbłądowi przejść przez ucho igielne, niż bogatemu wejść do królestwa niebieskiego” Biblia
92%
"Wszelka emancypacja jest sprowadzeniem świata ludzkiego, stosunków ludzkich, do samego człowieka." Karol Marks
92%
„Nikt nie może dwom panom służyć. Bo albo jednego będzie nienawidził, a drugiego będzie miłował; albo z jednym będzie trzymał, a drugim wzgardzi. Nie możecie służyć Bogu i Mamonie.” Biblia
87%
"Wszyscy zaś, którzy uwierzyli, byli razem i mieli wszystko wspólne. I sprzedawali posiadłości i mienie, i rozdzielali je wszystkim, jak komu było potrzeba" Biblia
82%
"Istnieje dwojaka śmiałość: śmiałość płynąca z wyższości i śmiałość zrodzona z ciasnoty umysłu" Karol Marks
80%
"O wiele lepiej jest nabyć mądrość niż złoto; a nabyć rozum lepiej niż srebro." Biblia
74%
"A ci, którzy chcą być bogaci, wpadają w pokusy i w sidła oraz w wiele głupich i szkodliwych pożądliwości, które pogrążają ludzi w zgubie i zatraceniu." Biblia
73%
"Bogatym na tym świecie nakazuj, by nie byli wyniośli, nie pokładali nadziei w niepewności bogactwa" Biblia
65%
"Z tego też powodu płacicie podatki. Ci bowiem, którzy tego właśnie ustawicznie pilnują, są sługami Boga." Biblia
65%
"W stosunku do kobiety jako do zdobyczy i niewolnicy powszechnej pożądliwości wyraża się nieskończona degradacja, w jakiej człowiek znajduje się wobec siebie samego." Karol Marks
63%
"Pragnienie człowieka to jego dobroczynność i lepszy jest ubogi niż kłamca." Biblia
58%
"Korzeniem bowiem wszelkiego zła jest miłość do pieniędzy" Biblia
30%
Nie znaleziono quizów pasujących do podanych kryteriów
Rozkład punktacji
Procent ludzi z każdym wynikiem
Percentyl według liczby udzielonych odpowiedzi
Twoja historia wyników
Nie rozwiązałeś tego quizu